Statistics for Alliterative Cities A-Z

Click here to take the quiz!

General Stats

  • This quiz has been taken 26 times
  • The average score is 7 of 19

Answer Stats

LetterCountryest. PopulationPlace% Correct
PCambodia2.129.000Phnom P{enh}
92%
SEl Salvador1.870.000San S{alvador}
85%
NRussia1.259.000Nizhny N{ovgorod}
77%
WAustralia54.000Wagga W{agga}
73%
XMozambique116.000Xai-X{ai}
58%
CPhilippines922.000C{ebu} City
50%
GUSA172.000Garden G{rove}
38%
LPhilippines408.000Lapu-L{apu}
38%
AUAE766.000Al A{in}
35%
URussia434.000U{lan}-Ude
31%
DEthiopia440.000Dire D{awa}
27%
MDR Congo3.367.000Mbuji-M{ayi}
27%
BArgentina301.000Bahía B{lanca}
23%
KMalaysia452.000K{ota} Kinabalu
19%
RUSA128.000R{ound} Rock
8%
VIndia1.221.000Vasai-V{irar}
4%
EAlgeria155.000El E{ulma}
0%
HUSA38.000H{uber} Heights
0%
TIndonesia145.000Tebing T{inggi}
0%

Score Distribution

Percentile by Number Answered

Percent of People with Each Score

Your Score History

You have not taken this quiz